000 00402nam a22001697a 4500
003 OSt
008 240327b |||||||| |||| 00| 0 eng d
020 _a9780143031031
082 _a954 NED
100 _aNEHRU, Jawaharlal
245 _aThe Discovery of India
250 _aIst ed.
260 _aGurugram
_bPenguin Books
_c2004
300 _a642 p.
650 _aPolitical Science
942 _2ddc
_cBK
999 _c12309
_d12309